| 000 | 00573nam a2200229 a 4500 | ||
|---|---|---|---|
| 001 | nice12345678 | ||
| 003 | IN_TiNIC | ||
| 005 | 20260116015258.0 | ||
| 008 | 050524s1996 newa grp 000 0 eng | ||
| 020 |
_a _c40 |
||
| 082 | 0 | 0 |
_a491.439 _bHUG |
| 245 | _aHindustani in Three Months | ||
| 260 |
_aNew Delhi _bVikas Publication House _c1996 |
||
| 300 | _a160p | ||
| 500 | _aincludes index and biblioraphy | ||
| 505 | 2 | _aIll, Bibl. Index | |
| 650 | _aUrdu-Coursr Book | ||
| 710 | 2 | _aHugo`s Language Institute | |
| 902 | _bSRS | ||
| 942 | _cBK | ||
| 999 |
_c19046 _d19046 |
||